Japan: the final agony (Record no. 551823)
[ view plain ]
| 000 -LEADER | |
|---|---|
| fixed length control field | 00500cam a2200145 4500 |
| 082 00 - DEWEY DECIMAL CLASSIFICATION NUMBER | |
| Classification number | 940.5477852 |
| Author Mark | COO |
| -- | L-30 P-120 |
| 100 1# - MAIN ENTRY--PERSONAL NAME | |
| Personal name | Coox, Alvin D. |
| 9 (RLIN) | 48980 |
| 245 10 - TITLE STATEMENT | |
| Title | Japan: the final agony |
| Statement of responsibility, etc. | [by Alvin D. Coox. |
| 260 ## - PUBLICATION, DISTRIBUTION, ETC. | |
| Place of publication, distribution, etc. | New York] |
| Name of publisher, distributor, etc. | B[allantine] B[ooks, |
| Date of publication, distribution, etc. | 1970] |
| 300 ## - PHYSICAL DESCRIPTION | |
| Extent | 159, [1] p. |
| Other physical details | illus., maps, ports. |
| Dimensions | 21 cm. |
| 490 0# - SERIES STATEMENT | |
| Series statement | Ballantine's illustrated history of World War II. Campaign book |
| 526 ## - STUDY PROGRAM INFORMATION NOTE | |
| Program name | 0 |
| Interest level | 0 |
| Reading level | 0 |
| Title point value | 940_547785200000000_COO |
| 650 #0 - SUBJECT ADDED ENTRY--TOPICAL TERM | |
| Topical term or geographic name entry element | MCE |
| Geographic subdivision | Japan. |
| 9 (RLIN) | 48981 |
| 942 ## - ADDED ENTRY ELEMENTS (KOHA) | |
| Source of classification or shelving scheme | |
| Koha item type | Book |
| Withdrawn status | Lost status | Source of classification or shelving scheme | Damaged status | Not for loan | Permanent Location | Current Location | Date acquired | Total Checkouts | Full call number | Barcode | Date last seen | Date last checked out | Price effective from | Koha item type |
|---|---|---|---|---|---|---|---|---|---|---|---|---|---|---|
| Military College of Engineering (MCE) | Military College of Engineering (MCE) | 12/30/2014 | 1 | 940.5477852 COO | MCE-3930 | 02/28/2018 | 11/03/2017 | 12/30/2014 | Book |
